| 000 | 00449nam a2200169Ia 4500 | ||
|---|---|---|---|
| 008 | 241217s9999||||xx |||||||||||||| ||und|| | ||
| 020 |
_a9780582301283 _c113.85 |
||
| 040 |
_beng _cSSK Library _erda |
||
| 082 | _a631.4/FIT | ||
| 100 | _a E. A. Fitzpatrick | ||
| 245 | 3 | _aAn Introduction To Soil Science | |
| 250 | _a2nd ed | ||
| 260 |
_b Longman _c©1986 |
||
| 942 |
_2Dewey Decimal Classification _cBOOK _nNo |
||
| 999 |
_c25160 _d25160 |
||
| 003 | OSt | ||
| 005 | 20241217112944.0 | ||